00600nam a2200181Ia 4500008004100000082001300041100001600054245003300070250000800103260003100111300001200142500002400154650001200178942000700190952010200197952010200299999001700401230524s9999 xx 000 0 und d a4.1bGUP aVikas Gupta 0aComdex : Computer Course KIT a6TH aNEW DELHIbDreamtechc2005 aXVI;560 aQuantity Number: 2 aComp-Sc cBK 00104070aTATCLbTATCLcGENd2023-05-24l0o004.1 GUPp8845r2023-05-24w2023-05-24yBKzBE2105 00104070aTATCLbTATCLcGENd2023-05-24l0o004.1 GUPp8846r2023-05-24w2023-05-24yBKzBE2105 c31683d31683